Siete reporteros y un periódico (Registro nro. 17769)
[ vista simple ]
| 000 -CABECERA | |
|---|---|
| Longitud fija campo de control | 00626nam a2200217 a34500 |
| 003 - IDENTIFICADOR DELl NÚMERO DE CONTROL | |
| Identificador del número de control | OSt |
| 005 - FECHA Y HORA DE LA ÚLTIMA TRANSACCIÓN | |
| Fecha y hora de la última transacción | 20150302184635.0 |
| 008 - CÓDIGOS DE INFORMACIÓN DE LONGITUD FIJA | |
| Códigos de información de longitud fija | 050513s2005 esp j spa d |
| 020 ## - NÚMERO INTERNACIONAL NORMALIZADO PARA LIBROS | |
| ISBN cancelado o no válido | 84-348-4448-6 |
| 040 ## - FUENTE DE LA CATALOGACIÓN | |
| Centro transcriptor | BMC |
| 082 ## - NÚMERO DE LA CLASIFICACIÓN DECIMAL DEWEY | |
| Númeroo de clasificación | 808.068083 |
| 100 1# - PUNTO DE ACCESO PRINCIPAL-NOMBRE DE PERSONA | |
| Nombre de persona | Lozano Carbayo, Pilar |
| 9 (RLIN) | 30700 |
| 245 10 - MENCIÓN DE TÍTULO | |
| Título | Siete reporteros y un periódico |
| Mención de responsabilidad, etc. | Pilar Lozano Carbayo |
| 260 ## - PUBLICACIÓN, DISTRIBUCIÓN, ETC. (PIE DE IMPRENTA) | |
| Lugar de publicación, distribución, etc. | Madrid |
| Nombre del editor, distribuidor, etc. | SM |
| Fecha de publicación, distribución, etc. | D.L. 2005 |
| 300 ## - DESCRIPCIÓN FÍSICA | |
| Extensión | 137 p. |
| Otras características físicas | il. |
| Dimensiones | 19 cm |
| 490 0# - MENCIÓN DE SERIE | |
| Mención de serie | El Barco de vapor |
| Designación de volumen o secuencia | 175 |
| 500 ## - NOTA GENERAL | |
| Nota general | En la cub.: Premio El Barco de Vapor |
| 581 ## - NOTA DE PUBLICACIONES SOBRE LOS MATERIALES DESCRITOS | |
| Nota de publicaciones sobre los materiales descritos | Premio El Barco de vapor 2005. |
| 650 24 - PUNTO DE ACCESO ADICIONAL DE MATERIA - TÉRMINO DE MATERIA | |
| 9 (RLIN) | 29811 |
| Término de materia o nombre geográfico como elemento inicial | Cuentos infantiles |
| 942 ## - ENTRADA DE ELEMENTOS AGREGADOS (KOHA) | |
| Fuente de clasificaión o esquema | Dewey Decimal Classification |
| Koha [por defecto] tipo de item | 1- Monografias |
| Suprimido | Perdido | Fuente de clasificación o esquema | Estropeado | Restricciones de uso | No para préstamo | Código de colección | Localización permanente | Localización actual | Localización en estanter&íacute;as | Fecha adquisición | Fuente de adquisición | Número de inventario | Préstamos totales | Signatura completa | Código de barras | Fecha última consulta | Coste, precio reemplazado | Fecha del precio de reemplazo | Tipo de item de Koha |
|---|---|---|---|---|---|---|---|---|---|---|---|---|---|---|---|---|---|---|---|
| NULL | NULL | Dewey Decimal Classification | NULL | Prestable | NULL | NULL | Biblioteca Miguel de Cervantes - UNICAES | Biblioteca Miguel de Cervantes - UNICAES | Sala Principal | 31/08/2015 | Donación - ADESH | 027342 | C LOZ sie | 1027752 | 30/01/2015 | 12.00 | 30/01/2015 | 1- Monografias |